000 00642nam a2200229Ia 4500
003 OSt
005 20220926014510.0
006 a|||||r|||| 00| 0
007 ta
008 220923b |||||||| |||| 00| 0 eng d
037 _cGeneral Book
040 _aRTL
_cRTL
_beng
041 _2eng
_aeng
082 _aX, L6
100 _aLekachman Robert
_9269857
245 0 _aEconomists at bay
_b Why the experts will never solve your problems
260 _aNew York
_bMcGraw-Hill
_c1976
300 _axii,311p
_ccm.
650 _aEconomic Theory
942 _hX, L6
_cGB
_2CC
999 _c629164
_d629164